Discrete Structures, Logic & Computability (Record no. 2206)

MARC details
000 -LEADER
fixed length control field 00396nam a2200157Ia 4500
008 - FIXED-LENGTH DATA ELEMENTS--GENERAL INFORMATION
fixed length control field 221030s9999 xx 000 0 und d
020 ## - INTERNATIONAL STANDARD BOOK NUMBER
ISBN 8173195625
041 ## - LANGUAGE CODE
Language code of text/sound track or separate title
082 ## - DEWEY DECIMAL CLASSIFICATION NUMBER
Classification number 105.23
Item number Hei
100 ## - MAIN ENTRY--AUTHOR NAME
Personal name J. L. Hein
245 #0 - TITLE STATEMENT
Title Discrete Structures, Logic & Computability
Statement of responsibility, etc by J. L. Hein
260 ## - PUBLICATION, DISTRIBUTION, ETC. (IMPRINT)
Name of publisher Narosa Pub.
Place of publication New Delhi
Year of publication 2004
300 ## - PHYSICAL DESCRIPTION
Number of Pages 943
650 ## - SUBJECT ADDED ENTRY--TOPICAL TERM
Topical Term Computers
942 ## - ADDED ENTRY ELEMENTS (KOHA)
Koha item type Books
Holdings
Accession Number Cost, normal purchase price Full call number Price effective from Koha item type Withdrawn / writtenoff status Materials specified (bound volume or other part) Damaged status Not for loan Permanent Location Current Location Shelving location Date acquired Lost/ Missing status department
M 461 450.00 105.23 Hei 10/30/2022 Books   Print     MIET Library, Jammu MIET Library, Jammu BL-Academic Block B, FL-2, CUP-44, SH-2, R-2 05/20/2004   MCA
M 459 450.00 105.23 Hei 10/30/2022 Books   Print     MIET Library, Jammu MIET Library, Jammu BL-Academic Block- B, FL-2, CUP-26, SH-3, R-3 05/20/2004   MCA
M 460 450.00 105.23 Hei 10/30/2022 Books   Print     MIET Library, Jammu MIET Library, Jammu BL-Academic Block B, FL-2, CUP-44, SH-2, R-2 05/20/2004   MCA